| 000 | 01368naa a22002897a 4500 | ||
|---|---|---|---|
| 001 | BR8805941 | ||
| 003 | BR-BrBNA | ||
| 005 | 20240918181742.0 | ||
| 007 | ta | ||
| 008 | 230509b bl.||||| |||| 00| 0 por d | ||
| 040 |
_aBR-BrBNA _bpor _cBiblioteca Nacional de Agricultura |
||
| 041 | _a(Pt) | ||
| 072 |
_aH10; H20 _b5212 _b4050 _b4060 |
||
| 090 | _aH10 BR8805941 | ||
| 100 | 1 | _aBianchin, I. | |
| 245 | 1 | _aInteracao entre Haemonchus placei e Trichostrongylus axei (Trichostrongylidae)em bezerros, no estado do Rio de Janeiro | |
| 260 | 3 |
_aCampo Grande, MS (Brasil): _c1979. |
|
| 500 | _aPimentel, D.M.; Souza, F.H.D. de; Soares, M.R.J.; Melo, H.J.H. de Coletanea dos seminarios tecnicos apresentados no Centro Nacional de Pesquisa de Gado de Corte durante o ano de 1978 Campo Grande, MS (Brasil): 1979. p. 137-162 (BR8805941-AM)H10 | ||
| 650 | _aBezerro | ||
| 650 | _aNematoide | ||
| 650 | _aHelminto | ||
| 650 | _aInfeccao | ||
| 650 | _aTricostrongilose | ||
| 773 | 0 |
_tColetanea dos seminarios tecnicos apresentados no Centro Nacional de Pesquisa de Gado de Corte durante o ano de 1978 _aPimentel, D.M.; Souza, F.H.D. de; Soares, M.R.J.; Melo, H.J.H. de. Centro Nacional de Pesquisa de Gado de Corte, Campo Grande, MS (Brasil) _wH10 BR8805941 _gCampo Grande, MS (Brasil), 1979. p. 137-162 |
|
| 909 |
_a202404 _bLucia _c55 _dLucia Elande |
||
| 942 |
_cAM _2AGRIS |
||
| 999 |
_c326670 _d326670 |
||